| 000 | 00991nac a22003017a 4500 | ||
|---|---|---|---|
| 001 | BR8003404 | ||
| 003 | BR-BrBNA | ||
| 005 | 20240105114713.0 | ||
| 008 | 230509b bl.|||m| |||| 00| 0 por d | ||
| 040 |
_aBR-BrBNA _bpor _cBiblioteca Nacional de Agricultura |
||
| 072 | _aF60; F00 | ||
| 090 | _a0150 BR8003404 | ||
| 100 | 1 | _aPinheiro, B. da S. | |
| 110 | 1 | _aCentro Nacional de Pesquisa em Arroz e Feijao, Goiania, GO (Brasil) | |
| 245 | 1 | _aAvaliacao da resistencia a seca de cultivares de arroz [Oryza sativa; Deficiencia hidrica; Agua; Floracao; Plantio; Brasil] | |
| 260 | 3 |
_aGoiania, GO (Brasil): _c1980. |
|
| 300 | _a4 p. | ||
| 490 |
_aPesquisa em Andamento - Centro Nacional de Pesquisa de Arroz e Feijao (Brazil) _vno. 18 _x |
||
| 650 | _aARROZ | ||
| 650 | _aSECA | ||
| 650 | _aDEFICIENCIA HIDRICA | ||
| 650 | _aFLORACAO | ||
| 650 | _aAGUA | ||
| 650 | _aPLANTIO | ||
| 650 | _aRENDIMENTO | ||
| 909 |
_a202312 _bLúcia Elande _c55 _dLúcia Elande |
||
| 942 |
_2AGRIS _n0 _cMS |
||
| 999 |
_c270841 _d270841 |
||